[Event "Tradewise Gibraltar Chess Festival 2014 "]
[Site "The Caleta Hotel - Gibraltar"]
[Date "2014.02.04"]
[Round "8.71"]
[White "Duff, Rufus"]
[Black "Studer, Noel"]
[Result "0-1"]
[WhiteElo "2113"]
[BlackElo "2337"]
[PlyCount "66"]
[EventDate "2014.01.28"]

1. e4 e5 2. Nf3 Nc6 3. Bb5 Nge7 4. c3 d5 5. Nxe5 dxe4 6. d4 exd3 7. Qf3 Be6 8.
O-O Qd5 9. Qxd5 Bxd5 10. Nxc6 Bxc6 11. Bxd3 O-O-O 12. Be2 Ng6 13. Nd2 Bc5 14.
Nb3 Bb6 15. c4 a6 16. c5 Ba7 17. Be3 Rde8 18. Rfd1 Nh4 19. Bf1 Nf5 20. Bf4 g5
21. Bxg5 Rhg8 22. Bf4 h5 23. Kh1 Rg4 24. Bg3 h4 25. Bd3 Nh6 26. f3 Ra4 27. Bf2
h3 28. Re1 Rxe1+ 29. Bxe1 Bd5 30. Bc2 Rf4 31. Be4 Bxe4 32. Bd2 hxg2+ 33. Kg1
Rxf3 0-1

[Event "Tradewise Gibraltar Chess Festival 2014 "]
[Site "The Caleta Hotel - Gibraltar"]
[Date "2014.02.04"]
[Round "8.73"]
[White "Sanchez Jerez, Emilio Miguel"]
[Black "Agbabishvili, Lali"]
[Result "1-0"]
[WhiteElo "2287"]
[BlackElo "1941"]
[PlyCount "97"]
[EventDate "2014.01.28"]

1. d4 Nf6 2. c4 g6 3. Nc3 Bg7 4. e4 d6 5. f4 c5 6. d5 O-O 7. Be2 a6 8. a4 Qc7
9. g4 e6 10. g5 Ne8 11. Qd3 Qe7 12. h4 Nc7 13. dxe6 Qxe6 14. Bd2 Bd7 15. Nh3
Re8 16. Nf2 Qe7 17. Kf1 Nc6 18. Bg4 Nd4 19. f5 f6 20. Re1 Bc6 21. fxg6 hxg6 22.
Nd5 Qf7 23. h5 Bxd5 24. hxg6 Qf8 25. Qh3 Bxc4+ 26. Kg2 Qe7 27. Bd7 Red8 28. Bf5
Nce6 29. gxf6 Qxf6 30. Ng4 Qe7 31. Qh7+ Kf8 32. Bh6 Ke8 33. Qg8+ Kd7 34. Qxg7
Qxg7 35. Bxg7 Nxf5 36. exf5 Bd5+ 37. Kg3 Bxh1 38. fxe6+ Kc6 39. Rxh1 Re8 40.
Re1 Rg8 41. Bh6 Rxg6 42. e7 Kd7 43. Bf8 Re6 44. Rxe6 Kxe6 45. Kf4 d5 46. a5 Rc8
47. Nh6 d4 48. Ke4 Kf6 49. b3 1-0

[Event "Tradewise Gibraltar Chess Festival 2014 "]
[Site "The Caleta Hotel - Gibraltar"]
[Date "2014.02.04"]
[Round "8.76"]
[White "Lercel, Michal"]
[Black "Teran Alvarez, Ismael"]
[Result "1/2-1/2"]
[WhiteElo "2150"]
[BlackElo "2412"]
[PlyCount "98"]
[EventDate "2014.01.28"]

1. d4 Nf6 2. c4 c5 3. d5 a6 4. Nf3 b5 5. Qc2 d6 6. e4 b4 7. Bd3 g6 8. b3 Bg7 9.
Bb2 O-O 10. O-O e5 11. Nbd2 Nh5 12. Ne1 Nf4 13. g3 Nh3+ 14. Kg2 Qg5 15. Ndf3
Qe7 16. Ng1 Nxg1 17. Kxg1 f5 18. exf5 gxf5 19. Ng2 a5 20. Rae1 Qf7 21. f3 a4
22. Qb1 Qh5 23. Ne3 a3 24. Bc1 Ra7 25. Kg2 Re7 26. g4 fxg4 27. fxg4 Bxg4 28.
Bxh7+ Kh8 29. Bf5 Qh3+ 30. Kg1 Ref7 31. Bxg4 Rxf1+ 32. Rxf1 Rxf1+ 33. Nxf1
Qxg4+ 34. Kf2 e4 35. Be3 Bd4 36. Qe1 Nd7 37. Qe2 Qf5+ 38. Kg2 Ne5 39. Bxd4 cxd4
40. Ng3 Qf3+ 41. Qxf3 exf3+ 42. Kf2 Nxc4 43. Ne4 Ne3 44. Nxd6 Nxd5 45. Nb5 Nc3
46. Nxd4 Nxa2 47. Nc2 Nc1 48. Kxf3 a2 49. Na1 Kg7 1/2-1/2

[Event "Tradewise Gibraltar Chess Festival 2014 "]
[Site "The Caleta Hotel - Gibraltar"]
[Date "2014.02.04"]
[Round "8.77"]
[White "Amgalanbaatar, Ravdanlkhumbuu"]
[Black "Zude, Arno"]
[Result "0-1"]
[WhiteElo "2137"]
[BlackElo "2400"]
[PlyCount "146"]
[EventDate "2014.01.28"]

1. e4 e5 2. Nf3 Nc6 3. Bc4 Bc5 4. d3 Nf6 5. Bb3 O-O 6. c3 h6 7. Nbd2 d5 8. Qe2
Re8 9. Nf1 Be6 10. Ng3 dxe4 11. dxe4 Bxb3 12. axb3 Qd7 13. O-O Rad8 14. b4 Bb6
15. Be3 Qd3 16. Rfe1 Bxe3 17. Qxe3 a6 18. h3 Qxe3 19. Rxe3 Na7 20. Ree1 Nb5 21.
Rad1 Rxd1 22. Rxd1 Nd6 23. Nd2 Ra8 24. f3 a5 25. Ra1 a4 26. Kf2 b5 27. b3 Nd7
28. Ngf1 c5 29. Ne3 cxb4 30. cxb4 Nb6 31. Ke2 Kf8 32. Nd5 Nxd5 33. exd5 Ke7 34.
Nb1 f5 35. Kd2 f4 36. Nc3 a3 37. Kd3 g5 38. Nb1 Kf6 39. Rxa3 Rxa3 40. Nxa3 e4+
41. Kd4 e3 42. Nc2 Nb7 43. Ne1 e2 44. Nd3 Ke7 45. Ke5 Nd6 46. h4 Nf7+ 47. Kf5
Kd6 48. hxg5 hxg5 49. Ke4 Ne5 50. Ne1 Ng6 51. Kf5 Kxd5 52. Kxg6 Kd4 53. g4 fxg3
54. Ng2 g4 55. f4 Ke4 56. f5 Kf3 57. Ne1+ Kf2 58. Nd3+ Ke3 59. Ne1 Kf2 60. Nd3+
Ke3 61. Ne1 Kd2 62. Ng2 e1=Q 63. Nxe1 Kxe1 64. f6 g2 65. f7 g1=Q 66. f8=Q Qe3
67. Qa8 g3 68. Qh1+ Kd2 69. Kh5 Qe2+ 70. Kh4 g2 71. Qh2 Qf2+ 72. Kh3 g1=N+ 73.
Qxg1 Qxg1 0-1

[Event "Tradewise Gibraltar Chess Festival 2014 "]
[Site "The Caleta Hotel - Gibraltar"]
[Date "2014.02.04"]
[Round "8.78"]
[White "Vojinovic, Jovana"]
[Black "Van Den Bersselaar, Jeroen"]
[Result "1-0"]
[WhiteElo "2335"]
[BlackElo "2146"]
[PlyCount "51"]
[EventDate "2014.01.28"]

1. c4 e5 2. Nc3 Nf6 3. g3 d5 4. cxd5 Nxd5 5. Bg2 Nb6 6. Nf3 Nc6 7. d3 Be7 8.
Be3 O-O 9. O-O Be6 10. d4 exd4 11. Bxd4 Qc8 12. Qb1 Nc4 13. Rd1 Rd8 14. b3 Bf5
15. e4 Na3 16. Qb2 Nxd4 17. Nxd4 Bg4 18. Nd5 Bc5 19. Rac1 Rxd5 20. exd5 Bxd1
21. Rxc5 Qg4 22. Qd2 Nb1 23. Qe3 Qd7 24. Qe1 Qg4 25. Rc4 Na3 26. Ra4 1-0

[Event "Tradewise Gibraltar Chess Festival 2014 "]
[Site "The Caleta Hotel - Gibraltar"]
[Date "2014.02.04"]
[Round "8.79"]
[White "Haugli, Petter"]
[Black "Samu, Sorin-Mihai"]
[Result "1-0"]
[WhiteElo "2278"]
[BlackElo "2131"]
[PlyCount "81"]
[EventDate "2014.01.28"]

1. d4 Nf6 2. c4 c5 3. d5 d6 4. Nc3 g6 5. e4 Bg7 6. Nf3 O-O 7. Be2 Nbd7 8. O-O
a6 9. Qc2 Rb8 10. a4 e5 11. dxe6 fxe6 12. Bf4 e5 13. Bg5 h6 14. Bh4 g5 15. Bg3
Rf7 16. Rfd1 Ne8 17. h4 g4 18. Nh2 h5 19. Nd5 Nf8 20. f3 Ne6 21. fxg4 Nd4 22.
Qd3 hxg4 23. Bxg4 Nf6 24. Bxc8 Qxc8 25. Rf1 Qe6 26. Nf3 Nh5 27. Nxd4 Rxf1+ 28.
Rxf1 cxd4 29. Qf3 Qh6 30. Qg4 Kh8 31. Rf5 Nxg3 32. Qxg3 Rf8 33. Rg5 Qh7 34. Ne7
Rf6 35. Qg4 d3 36. Ng6+ Rxg6 37. Rxg6 d2 38. Qc8+ Qg8 39. Qxg8+ Kxg8 40. Rxd6
Bh6 41. Kf1 1-0

[Event "Tradewise Gibraltar Chess Festival 2014 "]
[Site "The Caleta Hotel - Gibraltar"]
[Date "2014.02.04"]
[Round "8.80"]
[White "Burrows, Martin P"]
[Black "Lederman, Leon"]
[Result "1/2-1/2"]
[WhiteElo "2126"]
[BlackElo "2257"]
[PlyCount "96"]
[EventDate "2014.01.28"]

1. e4 c5 2. Nf3 a6 3. c4 e6 4. d4 cxd4 5. Nxd4 Bc5 6. Nb3 Be7 7. Be2 d6 8. Nc3
b6 9. O-O Bb7 10. Be3 Nd7 11. Rc1 Ngf6 12. f3 O-O 13. Qe1 Rb8 14. Qf2 Re8 15.
Rfd1 Qc7 16. Nd4 Rbc8 17. b3 Qb8 18. g4 Ne5 19. g5 Nfd7 20. f4 Nc6 21. Nxc6
Bxc6 22. f5 b5 23. fxe6 fxe6 24. Bg4 Bf8 25. Bd4 Qb7 26. Rf1 Ne5 27. Bxe5 dxe5
28. g6 hxg6 29. Qh4 Bc5+ 30. Kh1 Rc7 31. Qh3 Rce7 32. Bf3 b4 33. Na4 Bd4 34.
Qg4 Rf8 35. Bg2 Be8 36. Rxf8+ Kxf8 37. c5 Qc6 38. h4 Rf7 39. Rf1 Rf6 40. Kh2
Qc8 41. Bh3 Bf7 42. Qe2 Qc6 43. Bg2 Be8 44. Kg3 Qc7 45. Qxa6 Bc6 46. Qc4 Rxf1
47. Qxf1+ Ke7 48. Qc4 Bxa4 1/2-1/2

[Event "Tradewise Gibraltar Chess Festival 2014 "]
[Site "The Caleta Hotel - Gibraltar"]
[Date "2014.02.04"]
[Round "8.81"]
[White "Kenney, Jason"]
[Black "Rindlisbacher, Jan"]
[Result "1/2-1/2"]
[WhiteElo "2112"]
[BlackElo "2250"]
[PlyCount "91"]
[EventDate "2014.01.28"]

1. c4 Nf6 2. g3 e6 3. Bg2 c5 4. Nf3 Nc6 5. O-O Be7 6. Nc3 d5 7. cxd5 Nxd5 8. d4
O-O 9. Nxd5 exd5 10. dxc5 Bxc5 11. Qc2 Be7 12. Rd1 Bf6 13. Be3 Be6 14. Nd4 Qd7
15. Rd2 Rac8 16. Nxc6 Rxc6 17. Qd1 Rd8 18. Bd4 Bxd4 19. Rxd4 Rc4 20. b3 Rxd4
21. Qxd4 b6 22. Rd1 f6 23. Bf3 Kf7 24. h4 f5 25. Rc1 Qd6 26. e3 h6 27. b4 Rd7
28. Rc3 Qe7 29. Rc8 Rd8 30. Rc6 Rd6 31. Rxd6 Qxd6 32. a4 Qd7 33. a5 Qb5 34. Qe5
Qd7 35. Bh5+ g6 36. Bf3 h5 37. Qc3 bxa5 38. bxa5 Ke7 39. Qc5+ Kf6 40. Be2 Qe7
41. Qc3+ Kf7 42. Kg2 Qb7 43. Qh8 Ke7 44. Qd4 Qc7 45. Bb5 Qxa5 46. Qc5+ 1/2-1/2

[Event "Tradewise Gibraltar Chess Festival 2014 "]
[Site "The Caleta Hotel - Gibraltar"]
[Date "2014.02.04"]
[Round "8.82"]
[White "Nicolas Zapata, Irene"]
[Black "Mihajlov, Svetoslav"]
[Result "1/2-1/2"]
[WhiteElo "2249"]
[BlackElo "2112"]
[PlyCount "149"]
[EventDate "2014.01.28"]

1. Nf3 Nf6 2. c4 g6 3. Nc3 Bg7 4. g3 d5 5. cxd5 Nxd5 6. Bg2 O-O 7. O-O e5 8. d4
Nxc3 9. bxc3 Nc6 10. e3 Re8 11. Qc2 Rb8 12. Rd1 exd4 13. Nxd4 Nxd4 14. cxd4 Bg4
15. f3 Bf5 16. Qf2 c5 17. Bb2 Qb6 18. e4 Be6 19. e5 cxd4 20. Bxd4 Qa5 21. f4 b6
22. h3 h5 23. Rd2 Rbc8 24. Kh2 Bf8 25. Be4 Bb4 26. Re2 Bc5 27. Rd1 Rcd8 28.
Red2 Bxd4 29. Rxd4 Rxd4 30. Rxd4 Qxa2 31. Qxa2 Bxa2 32. Ra4 Be6 33. Rxa7 Rd8
34. g4 hxg4 35. hxg4 Bxg4 36. Rb7 Rd4 37. Kg3 Be6 38. Kf3 Rb4 39. Ke3 Kg7 40.
Rb8 b5 41. Bd3 Bd7 42. Rb7 Bc6 43. Rb6 Be8 44. Rb8 Kf8 45. e6 f5 46. Rb7 Bc6
47. Rb6 Be8 48. Rb7 Ra4 49. Rb8 Ra3 50. Rb7 Bc6 51. Rf7+ Kg8 52. Kd4 Be8 53.
Rb7 Kf8 54. Bc2 Ra2 55. Rc7 Ra6 56. Ke5 Rc6 57. e7+ Kg7 58. Rxc6 Bxc6 59. Kd6
Be8 60. Kc7 b4 61. Bb3 Kf6 62. Kd6 g5 63. fxg5+ Kxg5 64. Kc7 Kf4 65. Kd8 Bg6
66. Ba4 Kg5 67. Bc2 Kf6 68. Bb3 Ke5 69. Bc2 Bh5 70. Bd1 Bf7 71. Bb3 Bg6 72. Bc2
Kf6 73. Ba4 f4 74. Bc2 Bh5 75. Bd1 1/2-1/2

[Event "Tradewise Gibraltar Chess Festival 2014 "]
[Site "The Caleta Hotel - Gibraltar"]
[Date "2014.02.04"]
[Round "8.83"]
[White "Pabalan, Rocky"]
[Black "Berry, Neil"]
[Result "0-1"]
[WhiteElo "2103"]
[BlackElo "2227"]
[PlyCount "104"]
[EventDate "2014.01.28"]

1. Nf3 d5 2. d4 Nf6 3. Bf4 c5 4. e3 Nc6 5. c3 Qb6 6. Qb3 c4 7. Qc2 Bf5 8. Qc1
h6 9. Nbd2 e6 10. Be2 Be7 11. h3 O-O 12. g4 Bh7 13. g5 hxg5 14. Nxg5 Bf5 15.
Rg1 Qd8 16. Rg3 b5 17. a3 a5 18. Bf3 Bd3 19. e4 b4 20. a4 Ra7 21. e5 Nh7 22.
Nxh7 Kxh7 23. Be2 Bf5 24. Nf3 f6 25. Qe3 fxe5 26. dxe5 bxc3 27. bxc3 Rb7 28.
Rd1 Qb6 29. Qc1 Qb2 30. Qe3 Qb6 31. Qc1 Bc5 32. Ng5+ Kg8 33. Be3 Nxe5 34. Bxc5
Qxc5 35. Qf4 Nd3+ 36. Bxd3 cxd3 37. Qe5 Qc7 38. Qd4 Qc4 39. Qe5 Rc7 40. Nxe6
Bxe6 41. Qxe6+ Rff7 42. Qe8+ Kh7 43. Kf1 Rce7 44. Qb5 Re2 45. Rg2 Qe4 46. Kg1
Re1+ 47. Rxe1 Qxe1+ 48. Kh2 d2 49. Qxd5 d1=Q 50. Qxf7 Qh1+ 51. Kg3 Qd6+ 52. f4
Qd3+ 0-1

[Event "Tradewise Gibraltar Chess Festival 2014 "]
[Site "The Caleta Hotel - Gibraltar"]
[Date "2014.02.04"]
[Round "8.84"]
[White "Kandic, Milan"]
[Black "Rowe, Duane"]
[Result "0-1"]
[WhiteElo "2080"]
[BlackElo "2218"]
[PlyCount "92"]
[EventDate "2014.01.28"]

1. e4 c5 2. Nf3 e6 3. d3 Nc6 4. g3 Nge7 5. Bg2 g6 6. O-O Bg7 7. Re1 d6 8. c3
O-O 9. a4 e5 10. Na3 h6 11. Nc2 d5 12. exd5 Nxd5 13. Ne3 Be6 14. Nc4 Qc7 15.
Qe2 Rfe8 16. Bd2 Rad8 17. Rad1 Nb6 18. Nxb6 axb6 19. c4 Bg4 20. Bc3 Qc8 21. Qc2
Qf5 22. Qe2 Kh7 23. Qe4 Qh5 24. Rd2 Bf5 25. Qe2 Bg4 26. Qd1 f5 27. h3 Bxh3 28.
Qb3 Bxg2 29. Kxg2 e4 30. dxe4 fxe4 31. Nh2 Nd4 32. Bxd4 cxd4 33. Qxb6 Qg5 34.
Rdd1 Rd7 35. Qb5 Qd8 36. Ng4 b6 37. b4 Rd6 38. c5 bxc5 39. Qxc5 Rd5 40. Qc6 Rd6
41. Qc5 h5 42. Rh1 Ree6 43. b5 Kg8 44. Nh2 Qa8 45. Rhe1 e3+ 46. Kg1 Qf8 {
White's mobile phone rang} 0-1

[Event "Tradewise Gibraltar Chess Festival 2014 "]
[Site "The Caleta Hotel - Gibraltar"]
[Date "2014.02.04"]
[Round "8.85"]
[White "Suez-Panama, Gilles"]
[Black "Stenzel, Thomas"]
[Result "0-1"]
[WhiteElo "2071"]
[BlackElo "2216"]
[PlyCount "68"]
[EventDate "2014.01.28"]

1. d4 d5 2. Nf3 Nc6 3. Bf4 Bg4 4. h3 Bxf3 5. exf3 e6 6. Bb5 Bd6 7. Be3 Nge7 8.
c3 O-O 9. Nd2 a6 10. Bd3 f5 11. f4 Ng6 12. g3 b5 13. b4 Nb8 14. a4 bxa4 15.
Rxa4 c6 16. Nb3 Rf7 17. Qe2 Nf8 18. O-O g5 19. fxg5 f4 20. Bxf4 Bxf4 21. gxf4
Rxf4 22. Qe5 Rf3 23. Nc5 Nbd7 24. Nxd7 Qxd7 25. Qe2 Qf7 26. Kg2 Rf4 27. Kg3 e5
28. dxe5 Ne6 29. h4 Rf8 30. f3 Qh5 31. Kf2 Rxf3+ 32. Ke1 Rxf1+ 33. Qxf1 Rxf1+
34. Bxf1 Qxh4+ 0-1

[Event "Tradewise Gibraltar Chess Festival 2014 "]
[Site "The Caleta Hotel - Gibraltar"]
[Date "2014.02.04"]
[Round "8.86"]
[White "Biegel, Thomas"]
[Black "Dolzhikova, Olga"]
[Result "0-1"]
[WhiteElo "2059"]
[BlackElo "2203"]
[PlyCount "104"]
[EventDate "2014.01.28"]

1. d4 b6 2. Nf3 Bb7 3. g3 g6 4. Bg2 Bg7 5. O-O Nf6 6. b3 O-O 7. Bb2 c5 8. c4
cxd4 9. Nxd4 Bxg2 10. Kxg2 d5 11. cxd5 Qxd5+ 12. Nf3 Qb7 13. Kg1 Nc6 14. e3
Rfd8 15. Qe2 Nb4 16. Rd1 Rxd1+ 17. Qxd1 Qc7 18. Na3 Rd8 19. Qe2 h6 20. Nb5 Qb7
21. a3 Nd3 22. Rd1 Ng4 23. Bxg7 Kxg7 24. Rxd3 Rxd3 25. Qxd3 Qxf3 26. Qd2 e5 27.
Nc3 h5 28. h3 Nf6 29. Qd6 Qf5 30. Kg2 e4 31. Qf4 Qa5 32. Nxe4 Nxe4 33. Qxe4
Qxa3 34. Qd4+ Kh7 35. b4 Qb3 36. g4 hxg4 37. Qxg4 Qd5+ 38. e4 Qe5 39. Qf3 Kg7
40. Qd3 a5 41. bxa5 bxa5 42. Qc4 Qb2 43. Qa4 Qb4 44. Qa1+ Kh7 45. f3 a4 46. Qf6
Kg8 47. e5 a3 48. Qd8+ Kh7 49. Qd5 Kg7 50. e6 Qb2+ 51. Kg3 a2 52. Qd7 Qe5+ 0-1

[Event "Tradewise Gibraltar Chess Festival 2014 "]
[Site "The Caleta Hotel - Gibraltar"]
[Date "2014.02.04"]
[Round "8.87"]
[White "Nyland, Thomas"]
[Black "Veltkamp, Gerben"]
[Result "1-0"]
[WhiteElo "2047"]
[BlackElo "2202"]
[PlyCount "76"]
[EventDate "2014.01.28"]

1. e4 e5 2. Nf3 Nc6 3. Bb5 Nf6 4. O-O Nxe4 5. d4 Nd6 6. Bxc6 dxc6 7. dxe5 Nf5
8. Qxd8+ Kxd8 9. Rd1+ Ke8 10. Nc3 Ne7 11. Nd4 Bg4 12. f3 Bd7 13. f4 Rd8 14. Be3
Nd5 15. Nxd5 cxd5 16. Nb3 Bg4 17. Rd2 b6 18. h3 Bc8 19. Rad1 Bb7 20. c4 c6 21.
c5 Ra8 22. a3 bxc5 23. Bxc5 Bc8 24. Rc1 Rb8 25. Nd4 g5 26. Bxf8 Kxf8 27. Nxc6
Rb6 28. Nxa7 Bb7 29. Nc8 Rb3 30. fxg5 Rg8 31. Nd6 Rxg5 32. Rc7 Ba6 33. Rxf7+
Kg8 34. e6 Re3 35. e7 Re1+ 36. Kh2 Rge5 37. Rf8+ Kg7 38. e8=Q Rxe8 1-0

[Event "Tradewise Gibraltar Chess Festival 2014 "]
[Site "The Caleta Hotel - Gibraltar"]
[Date "2014.02.04"]
[Round "8.88"]
[White "Tscharotschkin, Michael"]
[Black "Walton, Alan J"]
[Result "0-1"]
[WhiteElo "2201"]
[BlackElo "2083"]
[PlyCount "88"]
[EventDate "2014.01.28"]

1. e4 e6 2. d4 d5 3. Nd2 Be7 4. Ngf3 Nf6 5. e5 Nfd7 6. Bd3 c5 7. c3 b6 8. O-O
Ba6 9. Bxa6 Nxa6 10. Qe2 Nc7 11. b3 h6 12. Bb2 b5 13. c4 bxc4 14. bxc4 O-O 15.
Rab1 Nb6 16. Rfd1 Qc8 17. dxc5 Bxc5 18. Rdc1 Qa6 19. Kf1 dxc4 20. Nxc4 Ncd5 21.
g3 Na4 22. Nfd2 Nxb2 23. Nxb2 Qxe2+ 24. Kxe2 Bd4 25. Nf3 Nc3+ 26. Kd3 Nxb1 27.
Nxd4 Na3 28. Nc6 Kh7 29. Kc3 a6 30. Kb4 Nb5 31. Nc4 Rac8 32. Nd6 Nd4 33. Nxc8
Rxc8 34. Ka5 Rxc6 35. Rxc6 Nxc6+ 36. Kb6 Nb4 37. a3 Nc2 38. a4 Nb4 39. Ka5 Nd3
40. Kxa6 Nc5+ 41. Kb5 Nxa4 42. Kxa4 Kg6 43. Kb5 Kf5 44. f4 g5 0-1

[Event "Tradewise Gibraltar Chess Festival 2014 "]
[Site "The Caleta Hotel - Gibraltar"]
[Date "2014.02.04"]
[Round "8.89"]
[White "Mueller, Leonhard"]
[Black "Dasaolu, Rotimi"]
[Result "1-0"]
[WhiteElo "2191"]
[BlackElo "2077"]
[PlyCount "83"]
[EventDate "2014.01.28"]

1. d4 Nf6 2. c4 c5 3. d5 b5 4. Nf3 d6 5. Qc2 g6 6. e4 Bg7 7. cxb5 a6 8. Nc3 O-O
9. a4 Nbd7 10. Be2 axb5 11. Bxb5 Ba6 12. O-O Ne8 13. Bd2 Nc7 14. Bxa6 Nxa6 15.
Nb5 Nc7 16. Nxc7 Qxc7 17. Bc3 Rfb8 18. Bxg7 Kxg7 19. Nd4 Rb7 20. Nb5 Qa5 21. b3
f6 22. Rad1 Qb4 23. Rc1 Nb6 24. Rfd1 Rc8 25. Qd3 c4 26. bxc4 Rxc4 27. Nd4 h5
28. f4 Rxc1 29. Rxc1 Nxa4 30. Ne6+ Kh7 31. e5 f5 32. exd6 Qxd6 33. Ng5+ Kg8 34.
Rc8+ Kg7 35. Qd4+ Qf6 36. Qxa4 Qb6+ 37. Kf1 Qb1+ 38. Kf2 Rb2+ 39. Kg3 Rb3+ 40.
Kh4 Qe1+ 41. g3 Qd1 42. Rg8+ 1-0

[Event "Tradewise Gibraltar Chess Festival 2014 "]
[Site "The Caleta Hotel - Gibraltar"]
[Date "2014.02.04"]
[Round "8.90"]
[White "Mihajlov, Sebastian"]
[Black "Omoifo, Osemekhian I"]
[Result "1-0"]
[WhiteElo "2185"]
[BlackElo "2076"]
[PlyCount "60"]
[EventDate "2014.01.28"]

1. d4 d5 2. c4 c6 3. Nf3 Nf6 4. Nc3 e6 5. e3 Nbd7 6. Bd3 dxc4 7. Bxc4 b5 8. Bd3
a6 9. O-O Bb7 10. e4 c5 11. d5 e5 12. Qe2 c4 13. Bc2 Bc5 14. a4 Qb6 15. axb5
axb5 16. Rxa8+ Bxa8 17. Bg5 Bd4 18. Nh4 h6 19. Bd2 O-O 20. Nf5 Rb8 21. Qf3 Ne8
22. Nxh6+ gxh6 23. Qg4+ Qg6 24. Qxd7 b4 25. Ne2 b3 26. Nxd4 exd4 27. Bb1 Ng7
28. Qc7 Qb6 29. Qxc4 Bb7 30. Rc1 Ne8 1-0

[Event "Tradewise Gibraltar Chess Festival 2014 "]
[Site "The Caleta Hotel - Gibraltar"]
[Date "2014.02.04"]
[Round "8.91"]
[White "Urbina Perez, Juan Antonio"]
[Black "Hughes, Roy"]
[Result "1-0"]
[WhiteElo "2183"]
[BlackElo "2027"]
[PlyCount "81"]
[EventDate "2014.01.28"]

1. e4 d5 2. exd5 Qxd5 3. Nc3 Qd6 4. d4 Nf6 5. Bc4 a6 6. Bb3 Bg4 7. f3 Bf5 8.
Nge2 e6 9. Bf4 Qd8 10. Qd2 Bd6 11. O-O-O Nbd7 12. g4 Bg6 13. h4 h6 14. Bxd6
cxd6 15. Nf4 Nf8 16. Rde1 Qa5 17. d5 e5 18. Nxg6 Nxg6 19. h5 Ne7 20. f4 Nd7 21.
fxe5 Nxe5 22. g5 O-O-O 23. gxh6 Rxh6 24. Qg5 Qc7 25. Qxg7 Rdh8 26. Ne4 Nd3+ 27.
Kb1 Nxe1 28. Rxe1 Rxh5 29. a3 Ng6 30. Qf6 Rd8 31. Ng5 Ne5 32. Rxe5 dxe5 33.
Nxf7 Rh1+ 34. Ka2 Rd1 35. Nxd8 Qxd8 36. Qxe5 Qf8 37. c4 Rd2 38. c5 Rf2 39. d6
Qf6 40. Qe8+ Qd8 41. Be6+ 1-0

[Event "Tradewise Gibraltar Chess Festival 2014 "]
[Site "The Caleta Hotel - Gibraltar"]
[Date "2014.02.04"]
[Round "8.92"]
[White "Valenti, Giuseppe"]
[Black "Perdomo Araujo, Angel Eduardo"]
[Result "1-0"]
[WhiteElo "2172"]
[BlackElo "2018"]
[PlyCount "71"]
[EventDate "2014.01.28"]

1. e4 e6 2. d4 d5 3. Nd2 Nf6 4. e5 Nfd7 5. Bd3 c5 6. c3 Nc6 7. Ne2 cxd4 8. cxd4
f6 9. exf6 Qxf6 10. Nf3 h6 11. O-O Bd6 12. Ng3 O-O 13. Bc2 Rd8 14. a3 Nf8 15.
Re1 Bd7 16. Nh5 Qf7 17. Ne5 Nxe5 18. dxe5 Bc5 19. Nf4 Rac8 20. Bd3 Be8 21. h4
Qe7 22. Qg4 Kh8 23. Bd2 Bf7 24. Rac1 Bg8 25. b4 Bb6 26. Rxc8 Rxc8 27. Nxd5 Qd7
28. Nxb6 axb6 29. Re3 Bh7 30. Bxh7 Qxd2 31. Bd3 Rc3 32. Rf3 Kg8 33. Qd4 Qe1+
34. Kh2 Rc1 35. Qd8 Qxe5+ 36. g3 1-0

[Event "Tradewise Gibraltar Chess Festival 2014 "]
[Site "The Caleta Hotel - Gibraltar"]
[Date "2014.02.04"]
[Round "8.93"]
[White "Reppen, Ellisiv"]
[Black "Iagar, Razvan-Gabriel"]
[Result "1/2-1/2"]
[WhiteElo "1995"]
[BlackElo "2171"]
[PlyCount "91"]
[EventDate "2014.01.28"]

1. e4 e6 2. d4 d5 3. Nc3 Nf6 4. Bg5 Be7 5. e5 Nfd7 6. Bxe7 Qxe7 7. f4 a6 8. Nf3
c5 9. Qd2 Nc6 10. O-O-O b5 11. g4 Bb7 12. Bg2 Nb6 13. Kb1 Rc8 14. Rhe1 cxd4 15.
Nxd4 Nc4 16. Qc1 Nxd4 17. Rxd4 Na3+ 18. bxa3 Rxc3 19. Rd3 Rc4 20. Bf1 Qc5 21.
Rb3 Rc3 22. Rxc3 Qxc3 23. Re3 Qc5 24. Bd3 Kd7 25. f5 h6 26. Rf3 Re8 27. Rf4 Kc7
28. fxe6 fxe6 29. Qd2 Qxa3 30. Rb4 Rf8 31. Rb3 Qe7 32. Qa5+ Kb8 33. a4 Qc7 34.
Qb4 Rc8 35. axb5 axb5 36. Qxb5 Qc6 37. Qa5 Qc5 38. Qa4 Rc6 39. Qf4 Rb6 40. Rxb6
Qxb6+ 41. Kc1 Qc7 42. Qf8+ Ka7 43. Qa3+ Kb8 44. Qf8+ Ka7 45. Qa3+ Kb8 46. Qf8+
1/2-1/2

[Event "Tradewise Gibraltar Chess Festival 2014 "]
[Site "The Caleta Hotel - Gibraltar"]
[Date "2014.02.04"]
[Round "8.94"]
[White "Skutta, Bernd"]
[Black "Proudian, Armen"]
[Result "0-1"]
[WhiteElo "2048"]
[BlackElo "2273"]
[PlyCount "92"]
[EventDate "2014.01.28"]

1. d4 Nf6 2. Nf3 e6 3. c4 d5 4. g3 Bb4+ 5. Bd2 Be7 6. Bg2 O-O 7. O-O c6 8. Qc2
b6 9. Bf4 Ba6 10. Nbd2 Nbd7 11. Rac1 Nh5 12. Rfe1 Nxf4 13. gxf4 Rc8 14. Qa4
Bxc4 15. Nxc4 b5 16. Qxa7 bxc4 17. b3 cxb3 18. axb3 c5 19. Ne5 Nxe5 20. fxe5
Ra8 21. Qb7 Rb8 22. Qa7 Ra8 23. Qb7 cxd4 24. Rc7 Rb8 25. Qa7 Bb4 26. Rb1 Bc3
27. e4 dxe4 28. Rd7 Qh4 29. Rxd4 Bxd4 30. Qxd4 Rfd8 31. Qxe4 Qxe4 32. Bxe4 Rb5
33. Bc6 Rc5 34. Ba4 Rxe5 35. b4 g5 36. Bc6 Rb8 37. b5 Rc5 38. Rd1 Kg7 39. Kg2
h5 40. Kf3 f5 41. Ke3 Kf6 42. Rd7 h4 43. Rh7 Rbxb5 44. Bxb5 Rxb5 45. Kf3 g4+
46. Kg2 h3+ 0-1

[Event "Tradewise Gibraltar Chess Festival 2014 "]
[Site "The Caleta Hotel - Gibraltar"]
[Date "2014.02.04"]
[Round "8.95"]
[White "Zvarik, Martin"]
[Black "Spanton, Tim R"]
[Result "1/2-1/2"]
[WhiteElo "2216"]
[BlackElo "1995"]
[PlyCount "67"]
[EventDate "2014.01.28"]

1. e4 e5 2. Nf3 Nc6 3. Bb5 Nf6 4. d3 Bc5 5. c3 O-O 6. O-O d6 7. h3 Bd7 8. a4 a6
9. Bc4 Be6 10. Nbd2 d5 11. exd5 Bxd5 12. Re1 Bxc4 13. dxc4 e4 14. Nb3 Qxd1 15.
Rxd1 Bxf2+ 16. Kxf2 exf3 17. gxf3 Ne5 18. Bf4 Nxc4 19. Rd4 b5 20. Bg5 Nxb2 21.
Rg1 Kh8 22. axb5 axb5 23. Nc5 Nc4 24. Kg3 Rad8 25. Rxd8 Rxd8 26. Bxf6 gxf6 27.
Kf4 Nd6 28. Ra1 Kg7 29. Ra7 Rc8 30. Nd7 Kg6 31. Ra1 Ne8 32. Rg1+ Kh6 33. Rg8
Nd6 34. Rg4 1/2-1/2

[Event "Tradewise Gibraltar Chess Festival 2014 "]
[Site "The Caleta Hotel - Gibraltar"]
[Date "2014.02.04"]
[Round "8.96"]
[White "Barrenechea Bahamonde, Gustavo"]
[Black "Freuler, Roman"]
[Result "0-1"]
[WhiteElo "2208"]
[BlackElo "2048"]
[PlyCount "68"]
[EventDate "2014.01.28"]

1. e4 c5 2. c3 Nf6 3. e5 Nd5 4. d4 cxd4 5. Nf3 e6 6. cxd4 Nc6 7. a3 d6 8. Bd3
Be7 9. O-O O-O 10. Qe2 g6 11. Bh6 Re8 12. Nbd2 Qb6 13. Nc4 Nxd4 14. Nxd4 Qxd4
15. exd6 Bf8 16. Be3 Qf6 17. a4 Rd8 18. Qd2 Nxe3 19. fxe3 Qg5 20. Be2 Bd7 21.
Bf3 Rac8 22. b3 Bc6 23. Rad1 Bxa4 24. bxa4 Rxc4 25. Bxb7 Rxd6 26. Qf2 Rc7 27.
Rb1 Rb6 28. Be4 Bc5 29. Kh1 Rxb1 30. Bxb1 Qxe3 31. Qb2 Bd6 32. Qf6 Qe5 33. Qh4
Rc4 34. Qh6 Rxa4 0-1

[Event "Tradewise Gibraltar Chess Festival 2014 "]
[Site "The Caleta Hotel - Gibraltar"]
[Date "2014.02.04"]
[Round "8.97"]
[White "Nejanky, Maisa"]
[Black "Marttala, Thomas"]
[Result "1-0"]
[WhiteElo "2040"]
[BlackElo "2200"]
[PlyCount "47"]
[EventDate "2014.01.28"]

1. e4 e5 2. Nc3 d6 3. Nf3 Nf6 4. d4 exd4 5. Nxd4 Be7 6. Be2 O-O 7. O-O Re8 8.
f4 Bf8 9. Bf3 a6 10. a4 c5 11. Nb3 Nc6 12. f5 c4 13. Nd2 Qb6+ 14. Kh1 Qc5 15.
b3 cxb3 16. Bb2 bxc2 17. Qxc2 Nb4 18. Qb1 a5 19. Nd5 Nfxd5 20. exd5 Nxd5 21.
Rc1 Qf2 22. Bxd5 Qxd2 23. Bxf7+ Kxf7 24. Qa2+ 1-0